[Event "TCh-ESP 1a Division Zona Norte"]
[Site "Barcelona ESP"]
[Date "2006.08.18"]
[Round "4.3"]
[White "Kalod, Radek"]
[Black "Istratescu, Andrei"]
[Result "1/2-1/2"]
[WhiteElo "2512"]
[BlackElo "2612"]
[PlyCount "40"]
[EventDate "2006.08.16"]
[EventType "team"]
[EventRounds "6"]
[EventCountry "ESP"]
[Source "lmi"]
[SourceDate "2006.08.21"]

1. e4 c5 2. Nf3 e6 3. d4 cxd4 4. Nxd4 a6 5. Bd3 Nf6 6. O-O Qc7 7. Qe2 d6 8. c4
g6 9. Nc3 Bg7 10. Nf3 O-O 11. h3 Nbd7 12. Rd1 b6 13. Bf4 Nh5 14. Be3 Bb7 15.
Rac1 Rac8 16. Qd2 Rfd8 17. Bg5 Re8 18. Bh6 Red8 19. Bg5 Re8 20. Bh6 Red8
1/2-1/2

[Event "TCh-ESP 1a Division Zona Norte"]
[Site "Barcelona ESP"]
[Date "2006.08.18"]
[Round "4.3"]
[White "Cifuentes Parada, Roberto"]
[Black "Borges Mateos, Juan"]
[Result "1/2-1/2"]
[WhiteElo "2488"]
[BlackElo "2434"]
[PlyCount "37"]
[EventDate "2006.08.16"]
[EventType "team"]
[EventRounds "6"]
[EventCountry "ESP"]
[Source "lmi"]
[SourceDate "2006.08.21"]

1. d4 e6 2. Nf3 f5 3. g3 Nf6 4. Bg2 d5 5. O-O c6 6. c4 Bd6 7. b3 Qe7 8. Qc2 O-O
9. Ne5 b6 10. cxd5 cxd5 11. Nc4 Nc6 12. Nxd6 Qxd6 13. Rd1 Nb4 14. Qb2 Ba6 15.
Bf4 Qe7 16. Nc3 Rac8 17. Rac1 Nc6 18. a3 h6 19. Rc2 1/2-1/2

[Event "TCh-ESP 1a Division Zona Norte"]
[Site "Barcelona ESP"]
[Date "2006.08.18"]
[Round "4.3"]
[White "Vidarte Morales, Arturo"]
[Black "Flear, Glenn C"]
[Result "0-1"]
[WhiteElo "2403"]
[BlackElo "2474"]
[PlyCount "70"]
[EventDate "2006.08.16"]
[EventType "team"]
[EventRounds "6"]
[EventCountry "ESP"]
[Source "lmi"]
[SourceDate "2006.08.21"]

1. Nf3 d5 2. g3 c5 3. Bg2 Nc6 4. O-O e5 5. d3 Be7 6. Na3 Nf6 7. e4 O-O 8. exd5
Nxd5 9. Nc4 f6 10. a4 Be6 11. Re1 Qd7 12. Nh4 g5 13. Nf3 g4 14. Nfd2 Ndb4 15.
a5 Rad8 16. b3 Nd4 17. c3 Nxd3 18. cxd4 Qxd4 19. Ba3 Qxf2+ 20. Kh1 Qxe1+ 21.
Qxe1 Nxe1 22. Rxe1 b5 23. axb6 axb6 24. Ne4 f5 25. Nf2 e4 26. Nxb6 Bxb3 27. h3
Rf6 28. Nxe4 fxe4 29. Rxe4 Rxb6 30. Rxe7 c4 31. Bb2 Rd1+ 32. Kh2 Rd2 33. Bc1
Rc2 34. Be3 Ra6 35. Kg1 Ra1+ 0-1

[Event "TCh-ESP 1a Division Zona Norte"]
[Site "Barcelona ESP"]
[Date "2006.08.18"]
[Round "4.3"]
[White "Andres Gonzalez, Alberto"]
[Black "Hernando Rodrigo, Jose Maria"]
[Result "1-0"]
[WhiteElo "2417"]
[BlackElo "2400"]
[PlyCount "47"]
[EventDate "2006.08.16"]
[EventType "team"]
[EventRounds "6"]
[EventCountry "ESP"]
[Source "lmi"]
[SourceDate "2006.08.21"]

1. d4 e6 2. Nf3 b6 3. g3 Bb7 4. Bg2 f5 5. O-O Nf6 6. c4 Be7 7. d5 O-O 8. Nd4 c5
9. Nc2 Qc8 10. Nc3 exd5 11. cxd5 d6 12. Bh3 g6 13. e4 b5 14. a3 a5 15. Bh6 Re8
16. Re1 b4 17. Na4 Nbd7 18. exf5 Bxd5 19. fxg6 Qc6 20. Ne3 Bf8 21. Nxd5 Bxh6
22. Ne7+ Rxe7 23. Rxe7 Re8 24. Bxd7 1-0

[Event "TCh-ESP 1a Division Zona Norte"]
[Site "Barcelona ESP"]
[Date "2006.08.18"]
[Round "4.4"]
[White "Siebrecht, Sebastian"]
[Black "Hracek, Zbynek"]
[Result "0-1"]
[WhiteElo "2414"]
[BlackElo "2605"]
[PlyCount "94"]
[EventDate "2006.08.16"]
[EventType "team"]
[EventRounds "6"]
[EventCountry "ESP"]
[Source "lmi"]
[SourceDate "2006.08.21"]

1. Nf3 c5 2. c4 g6 3. Nc3 Bg7 4. g3 Nc6 5. Bg2 d6 6. d3 Nh6 7. h4 Nd4 8. h5
Nxf3+ 9. Bxf3 Nf5 10. h6 Be5 11. e3 e6 12. g4 Nh4 13. Be2 g5 14. d4 cxd4 15.
exd4 Bf4 16. Ne4 d5 17. cxd5 exd5 18. Bxf4 Ng2+ 19. Kf1 Nxf4 20. Qa4+ Bd7 21.
Nd6+ Kf8 22. Qa3 Qe7 23. Re1 Be6 24. Nxb7 Qxa3 25. bxa3 Rb8 26. Nc5 Rb2 27. Nd3
Rxe2 28. Rxe2 Nxd3 29. Rh3 Nf4 30. Rb3 Ke7 31. Rc2 Bxg4 32. Rc7+ Kf6 33. Rxa7
Rc8 34. f3 Rc1+ 35. Kf2 Rc2+ 36. Ke1 Bf5 37. a4 Rxa2 38. a5 Re2+ 39. Kf1 Bh3+
40. Kg1 Kg6 41. Rb6+ Kh5 42. Rxf7 Kh4 43. Rxf4+ gxf4 44. Rb7 Kg3 45. Rg7+ Kxf3
46. a6 Ra2 47. a7 Bg4 0-1

[Event "TCh-ESP 1a Division Zona Norte"]
[Site "Barcelona ESP"]
[Date "2006.08.18"]
[Round "4.4"]
[White "Jansa, Vlastimil"]
[Black "Souleidis, Georgios"]
[Result "1-0"]
[WhiteElo "2482"]
[BlackElo "2412"]
[PlyCount "125"]
[EventDate "2006.08.16"]
[EventType "team"]
[EventRounds "6"]
[EventCountry "ESP"]
[Source "lmi"]
[SourceDate "2006.08.21"]

1. e4 c5 2. Nf3 Nc6 3. Bb5 Nf6 4. Nc3 Nd4 5. e5 Nxb5 6. Nxb5 Nd5 7. Ng5 h6 8.
Nxf7 Kxf7 9. Qf3+ Nf6 10. exf6 exf6 11. Qd5+ Kg6 12. O-O Qb6 13. Qd3+ Kf7 14.
Re1 Qc6 15. c4 d5 16. cxd5 c4 17. dxc6 cxd3 18. cxb7 Bxb7 19. b3 a6 20. Nc3 Bc5
21. Bb2 Rhe8 22. Rac1 Rxe1+ 23. Rxe1 Rc8 24. Na4 Ba7 25. Bc3 Re8 26. Rxe8 Kxe8
27. Bb4 h5 28. Bc5 Bb8 29. Bd4 Bd6 30. Nb2 Be4 31. f3 Bh7 32. g3 Bb4 33. Be3
Kd7 34. Kf2 Kc6 35. Nc4 Bg8 36. Nb2 Bh7 37. h4 Bg6 38. Na4 Bf7 39. Nc3 a5 40.
Bd4 Bd6 41. f4 Bb4 42. Ke3 Bg6 43. Na4 Kd5 44. Bc3 Bc5+ 45. Nxc5 Kxc5 46. Bxa5
Bf5 47. Bc3 Bg6 48. a4 Bf7 49. b4+ Kc4 50. Ke4 Be8 51. b5 Bd7 52. b6 Bc8 53. a5
Kc5 54. Kxd3 Kd5 55. Ke3 f5 56. Bxg7 Bb7 57. Bc3 Bc8 58. g4 fxg4 59. f5 Bb7 60.
Kf4 Bc8 61. f6 Ke6 62. Bd4 Bb7 63. Kg5 1-0

[Event "TCh-ESP 1a Division Zona Norte"]
[Site "Barcelona ESP"]
[Date "2006.08.18"]
[Round "4.4"]
[White "Mascaro March, Pedro"]
[Black "Garza Marco, Sergio"]
[Result "0-1"]
[WhiteElo "2359"]
[BlackElo "2349"]
[PlyCount "58"]
[EventDate "2006.08.16"]
[EventType "team"]
[EventRounds "6"]
[EventCountry "ESP"]
[Source "lmi"]
[SourceDate "2006.08.21"]

1. d4 e6 2. Nf3 f5 3. Nc3 d5 4. Bg5 Nf6 5. e3 Be7 6. Bd3 O-O 7. O-O Nbd7 8. Ne2
Ne4 9. Bxe7 Qxe7 10. c4 c6 11. a3 Rf6 12. b4 Rh6 13. b5 Ndf6 14. bxc6 bxc6 15.
Ne5 Ng4 16. Nxg4 fxg4 17. f3 Rxh2 18. Kxh2 Qh4+ 19. Kg1 g3 20. Nxg3 Nxg3 21.
Re1 e5 22. dxe5 Bg4 23. fxg4 Rf8 24. Bf5 Qh1+ 25. Kf2 Ne4+ 26. Kf3 Rxf5+ 27.
gxf5 Qh5+ 28. g4 Qh2 29. cxd5 Ng5# 0-1

[Event "TCh-ESP 1a Division Zona Norte"]
[Site "Barcelona ESP"]
[Date "2006.08.18"]
[Round "4.4"]
[White "Fontana Sotomayor, Luis Javier"]
[Black "Ferrer Roig, Juan"]
[Result "1-0"]
[WhiteElo "2303"]
[BlackElo "2127"]
[PlyCount "105"]
[EventDate "2006.08.16"]
[EventType "team"]
[EventRounds "6"]
[EventCountry "ESP"]
[Source "lmi"]
[SourceDate "2006.08.21"]

1. e4 e6 2. d3 d5 3. Nd2 Nf6 4. Ngf3 dxe4 5. dxe4 Bc5 6. Be2 e5 7. O-O Nbd7 8.
c3 a5 9. b3 O-O 10. Qc2 Qe7 11. a3 Nb6 12. Bb2 Bg4 13. b4 axb4 14. axb4 Bd6 15.
Rfe1 Rfe8 16. Nf1 Rxa1 17. Rxa1 Ra8 18. Rxa8+ Nxa8 19. Ne3 Bd7 20. c4 Bxb4 21.
Nxe5 Nb6 22. Nxd7 Nbxd7 23. Nd5 Nxd5 24. cxd5 Bd6 25. g3 Nc5 26. f3 f6 27. Bd4
b6 28. Bb5 Be5 29. Bf2 Bd6 30. Qa2 g6 31. Qa8+ Kg7 32. Qc8 Be5 33. Kg2 Bd6 34.
Be3 Qe5 35. Qe8 Qxe8 36. Bxe8 Kf8 37. Bb5 Kg7 38. Kf2 Kf7 39. Bc4 Ke7 40. Bd2
Nd7 41. f4 Bc5+ 42. Kf3 Bd4 43. g4 Kf8 44. Bb5 Nc5 45. g5 fxg5 46. fxg5 Nb7 47.
Bf4 Nd6 48. Bd3 Ke7 49. e5 Nb7 50. h4 Nc5 51. Bb5 Nb7 52. h5 gxh5 53. Bd3 1-0

[Event "TCh-ESP 1a Division Zona Norte"]
[Site "Barcelona ESP"]
[Date "2006.08.18"]
[Round "4.5"]
[White "Marin, Mihail"]
[Black "Adla, Diego"]
[Result "1-0"]
[WhiteElo "2544"]
[BlackElo "2474"]
[PlyCount "55"]
[EventDate "2006.08.16"]
[EventType "team"]
[EventRounds "6"]
[EventCountry "ESP"]
[Source "lmi"]
[SourceDate "2006.08.21"]

1. c4 e5 2. Nc3 Nf6 3. Nf3 Nc6 4. g3 Nd4 5. Bg2 Nxf3+ 6. Bxf3 Bc5 7. O-O O-O 8.
e3 d6 9. d4 Bb4 10. Nd5 Nxd5 11. cxd5 Bh3 12. Qa4 Bxf1 13. Kxf1 e4 14. Be2 c5
15. dxc6 Ba5 16. b4 Bb6 17. cxb7 Rb8 18. Qc6 Qe7 19. Ba6 h5 20. a4 Qe6 21. a5
Bd8 22. Bc4 Qg4 23. Bd2 Qf3 24. Kg1 h4 25. Bd5 Qe2 26. Be1 Qb2 27. Bc3 Qe2 28.
Re1 1-0

[Event "TCh-ESP 1a Division Zona Norte"]
[Site "Barcelona ESP"]
[Date "2006.08.18"]
[Round "4.5"]
[White "Glavina, Pablo"]
[Black "Narciso Dublan, Marc"]
[Result "0-1"]
[WhiteElo "2441"]
[BlackElo "2467"]
[PlyCount "110"]
[EventDate "2006.08.16"]
[EventType "team"]
[EventRounds "6"]
[EventCountry "ESP"]
[Source "lmi"]
[SourceDate "2006.08.21"]

1. d4 Nf6 2. c4 e6 3. g3 c5 4. d5 exd5 5. cxd5 d6 6. Nc3 Be7 7. Bg2 O-O 8. Nf3
Na6 9. O-O Bg4 10. Nd2 Qd7 11. a4 Nc7 12. Nc4 Bh3 13. e4 Bxg2 14. Kxg2 Rad8 15.
Qb3 b6 16. Rd1 Nfe8 17. f4 g6 18. e5 Qf5 19. Ne3 Qh5 20. Qc4 dxe5 21. g4 Qh4
22. fxe5 Bg5 23. h3 Kh8 24. a5 f6 25. Ne4 fxe5 26. Nf5 Rxf5 27. gxf5 Bxc1 28.
Raxc1 gxf5 29. Ng3 Qxc4 30. Rxc4 Nd6 31. axb6 axb6 32. Ra4 Ncb5 33. Rda1 Kg7
34. Ra8 Rd7 35. Re1 e4 36. Rb8 Kf6 37. Rxb6 Ke5 38. Rb8 Nd4 39. h4 Rg7 40. Kh3
f4 41. Nh5 Rf7 42. Rg8 f3 43. Rg5+ Rf5 44. Kg3 h6 45. Rxf5+ N6xf5+ 46. Kf2 Nc2
47. Rg1 Nfd4 48. d6 e3+ 49. Kf1 Kxd6 50. Nf4 Ke5 51. Nd3+ Kd5 52. Rg8 c4 53.
Rd8+ Ke4 54. Nc5+ Kf4 55. Rf8+ Nf5 0-1

[Event "TCh-ESP 1a Division Zona Norte"]
[Site "Barcelona ESP"]
[Date "2006.08.18"]
[Round "4.5"]
[White "Granados Gomez, Manuel"]
[Black "Lopez Gracia, Fernando"]
[Result "1-0"]
[WhiteElo "2416"]
[BlackElo "2339"]
[PlyCount "141"]
[EventDate "2006.08.16"]
[EventType "team"]
[EventRounds "6"]
[EventCountry "ESP"]
[Source "lmi"]
[SourceDate "2006.08.21"]

1. d4 Nf6 2. Nf3 g6 3. c4 Bg7 4. Nc3 O-O 5. e4 d6 6. h3 e5 7. d5 Na6 8. Be3 Nc5
9. Nd2 a5 10. g4 c6 11. Qe2 a4 12. Bg2 Qa5 13. Rb1 Bd7 14. O-O Rfc8 15. Rfc1
Qd8 16. b4 axb3 17. axb3 Na6 18. dxc6 bxc6 19. b4 c5 20. b5 Nb4 21. Nb3 Be6 22.
Rd1 Qc7 23. f4 exf4 24. Bxf4 Ne8 25. e5 dxe5 26. Be3 e4 27. Nxe4 Ra2 28. Rd2
Rxd2 29. Bxd2 Nc2 30. Ng5 Nd4 31. Nxd4 Bxd4+ 32. Kh1 Ng7 33. b6 Qg3 34. b7 Rb8
35. Ne4 Qc7 36. Qf1 h5 37. Nf6+ Kh8 38. Qf4 Qxf4 39. Bxf4 Rxb7 40. Rxb7 Bxf6
41. Bd5 hxg4 42. hxg4 Bd4 43. Bd6 Bxg4 44. Rxf7 Nf5 45. Bf4 Ne3 46. Bxe3 Bxe3
47. Kg2 Bf5 48. Kf3 Bd4 49. Kf4 Bc3 50. Re7 Bf6 51. Rc7 Bd4 52. Kf3 Bd3 53. Re7
Bf6 54. Rd7 Bf5 55. Rd6 Bd4 56. Be4 Bxe4+ 57. Kxe4 Kg7 58. Kd5 Kh6 59. Ke6 Kh5
60. Kd5 g5 61. Ke4 Kh4 62. Kf5 Be3 63. Rd3 Bd4 64. Rf3 Bb2 65. Rf2 Bd4 66. Rg2
Be3 67. Rg4+ Kh3 68. Rxg5 Bd4 69. Ke4 Kh4 70. Rg8 Kh5 71. Kd5 1-0

[Event "TCh-ESP 1a Division Zona Norte"]
[Site "Barcelona ESP"]
[Date "2006.08.18"]
[Round "4.5"]
[White "Cortes Lizano, Jesus"]
[Black "Torrecillas Martinez, Antonio"]
[Result "1-0"]
[WhiteElo "2169"]
[BlackElo "2395"]
[PlyCount "97"]
[EventDate "2006.08.16"]
[EventType "team"]
[EventRounds "6"]
[EventCountry "ESP"]
[Source "lmi"]
[SourceDate "2006.08.21"]

1. c4 Nf6 2. Nc3 g6 3. Nf3 Bg7 4. g3 O-O 5. Bg2 d6 6. O-O Nc6 7. d3 e5 8. Bg5
h6 9. Bxf6 Bxf6 10. Rb1 a5 11. a3 Be6 12. b4 axb4 13. axb4 Qd7 14. Nd5 Bg7 15.
b5 Nd8 16. Qb3 Bg4 17. e3 Ne6 18. Qc2 Nc5 19. Nd2 Be2 20. Ne4 Nxe4 21. Qxe2 Nc5
22. Ra1 f5 23. Rfd1 Kh7 24. Ra2 Rae8 25. Ra7 Qf7 26. Nc3 f4 27. Bxb7 f3 28. Qf1
h5 29. Qh3 c6 30. bxc6 e4 31. Nxe4 Nxe4 32. dxe4 Qxc4 33. Qf1 Qc5 34. Ra4 Be5
35. Qc4 Qb6 36. Rb4 Qc7 37. Ba6 Rb8 38. Rb7 Rxb7 39. cxb7 Qb6 40. Rc1 Kh6 41.
Qb5 Qxb5 42. Bxb5 Rb8 43. Bc6 d5 44. Bxd5 g5 45. Rc6+ Kg7 46. Re6 Bc3 47. h3
Bb4 48. g4 h4 49. e5 1-0

[Event "TCh-ESP 1a Division Zona Norte"]
[Site "Barcelona ESP"]
[Date "2006.08.18"]
[Round "4.6"]
[White "Mirzoev, Azer"]
[Black "Velicka, Petr"]
[Result "0-1"]
[WhiteElo "2523"]
[BlackElo "2475"]
[PlyCount "104"]
[EventDate "2006.08.16"]
[EventType "team"]
[EventRounds "6"]
[EventCountry "ESP"]
[Source "lmi"]
[SourceDate "2006.08.21"]

1. d4 d5 2. c4 c6 3. Nf3 Nf6 4. e3 Bf5 5. Nc3 e6 6. Nh4 Be4 7. f3 Bg6 8. Qb3
Qb6 9. Nxg6 hxg6 10. Bd2 Nbd7 11. O-O-O Bd6 12. h3 Nh5 13. Bd3 Ng3 14. Rhe1
Qxb3 15. axb3 a6 16. Kb1 O-O-O 17. Na2 Kb8 18. Nc1 Bc7 19. Bc3 Rhe8 20. Bc2 Nb6
21. cxd5 exd5 22. e4 dxe4 23. fxe4 f5 24. e5 Nd5 25. b4 g5 26. Nb3 f4 27. Bd2
Bb6 28. Nc5 Bxc5 29. bxc5 Re6 30. Be4 Nxe4 31. Rxe4 Kc8 32. Kc2 Rh8 33. Kd3 Kd7
34. Rf1 Re7 35. Rf3 Ke6 36. Re1 Rd7 37. g4 g6 38. Rh1 Rdh7 39. Be1 Ne3 40. Ke4
Nxg4 41. Rg1 Nh2 42. Rc3 g4 43. hxg4 g5 44. Bd2 Rh3 45. Bc1 R8h4 46. Bd2 Rxc3
47. bxc3 Rxg4 48. Rh1 Rg2 49. Bc1 f3 50. c4 Re2+ 51. Be3 f2 52. d5+ Ke7 0-1

[Event "TCh-ESP 1a Division Zona Norte"]
[Site "Barcelona ESP"]
[Date "2006.08.18"]
[Round "4.6"]
[White "Rodriguez Rodriguez, Antonio"]
[Black "Campos Moreno, Javier B"]
[Result "1/2-1/2"]
[WhiteElo "2300"]
[BlackElo "2468"]
[PlyCount "37"]
[EventDate "2006.08.16"]
[EventType "team"]
[EventRounds "6"]
[EventCountry "ESP"]
[Source "lmi"]
[SourceDate "2006.08.21"]

1. d4 Nf6 2. Bg5 Ne4 3. h4 d5 4. Nd2 c5 5. e3 Qb6 6. Nxe4 dxe4 7. dxc5 Qb4+ 8.
Qd2 Qxd2+ 9. Kxd2 e5 10. h5 f6 11. Bh4 Bxc5 12. Bc4 Ke7 13. Ne2 Be6 14. Bb3
Bxb3 15. axb3 Ke6 16. Ra4 b5 17. Rxe4 Nc6 18. g4 g6 19. Nf4+ 1/2-1/2

[Event "TCh-ESP 1a Division Zona Norte"]
[Site "Barcelona ESP"]
[Date "2006.08.18"]
[Round "4.6"]
[White "Baches Garcia, Guillermo"]
[Black "De Prado Rodriguez, Oscar B"]
[Result "1/2-1/2"]
[WhiteElo "2383"]
[BlackElo "2197"]
[PlyCount "55"]
[EventDate "2006.08.16"]
[EventType "team"]
[EventRounds "6"]
[EventCountry "ESP"]
[Source "lmi"]
[SourceDate "2006.08.21"]

1. e4 d5 2. exd5 Qxd5 3. Nf3 Bg4 4. Be2 Nc6 5. d4 Nf6 6. c4 Qd7 7. Be3 e6 8.
Nbd2 Be7 9. O-O O-O 10. h3 Bh5 11. Qb3 b6 12. Rfd1 Rfd8 13. Rac1 Qe8 14. a3 e5
15. dxe5 Nxe5 16. g4 Nfxg4 17. hxg4 Nxg4 18. Nf1 Bd6 19. Qb5 Ne5 20. Qxe8+ Rxe8
21. Kg2 Ng6 22. Ng3 Bxg3 23. Kxg3 f5 24. Rd2 Re4 25. Ng5 f4+ 26. Bxf4 Rxe2 27.
Rxe2 Bxe2 28. Bxc7 1/2-1/2

[Event "TCh-ESP 1a Division Zona Norte"]
[Site "Barcelona ESP"]
[Date "2006.08.18"]
[Round "4.6"]
[White "Naya Varela, Martin"]
[Black "Codina Garcia, Jose"]
[Result "1-0"]
[WhiteElo "2124"]
[BlackElo "2167"]
[PlyCount "135"]
[EventDate "2006.08.16"]
[EventType "team"]
[EventRounds "6"]
[EventCountry "ESP"]
[Source "lmi"]
[SourceDate "2006.08.21"]

1. e4 e6 2. d4 d5 3. Nd2 c5 4. exd5 exd5 5. Ngf3 a6 6. Be2 Nf6 7. O-O Bd6 8.
dxc5 Bxc5 9. Nb3 Be7 10. c3 O-O 11. h3 Qc7 12. Qd3 Rd8 13. Bg5 Ne4 14. Bxe7
Qxe7 15. Nbd4 Nd7 16. Rad1 Ndf6 17. Rfe1 Qc7 18. Qc2 Bd7 19. Bd3 Nd6 20. Qc1
Nc4 21. Nh4 Re8 22. Nhf5 Bxf5 23. Nxf5 Rxe1+ 24. Rxe1 Re8 25. Rd1 h6 26. Bc2
Qe5 27. Nd4 Nd6 28. Nf3 Qe7 29. Bd3 Nc4 30. Nd2 Nxd2 31. Qxd2 Qc5 32. Qc2 Qc7
33. Be2 Re5 34. Bf3 Qe7 35. Qd2 Qc7 36. Qd4 Qe7 37. Kf1 Ne4 38. Bxe4 dxe4 39.
Qd8+ Kh7 40. Qxe7 Rxe7 41. c4 Kg6 42. Ke2 Kf6 43. Ke3 Kg6 44. g4 h5 45. Kf4
hxg4 46. hxg4 f6 47. Rd4 Kf7 48. Rxe4 Rd7 49. Ke3 Rd1 50. Rd4 Re1+ 51. Kd2 Rf1
52. Ke2 Rc1 53. b3 Ke7 54. Rd2 Ra1 55. Ke3 g6 56. c5 Rg1 57. f3 Rc1 58. Kd4 Rf1
59. Rd3 Rf2 60. a3 Ra2 61. b4 Kd7 62. Kd5 Ra1 63. Kc4+ Ke7 64. Kb3 Rf1 65. Ka4
Rh1 66. Ka5 f5 67. gxf5 gxf5 68. Kb6 1-0

[Event "TCh-ESP 1a Division Zona Norte"]
[Site "Barcelona ESP"]
[Date "2006.08.18"]
[Round "4.7"]
[White "Mamedov, Nidjat"]
[Black "Guerrero Olmos, Sergio"]
[Result "1-0"]
[WhiteElo "2521"]
[BlackElo "2334"]
[PlyCount "53"]
[EventDate "2006.08.16"]
[EventType "team"]
[EventRounds "6"]
[EventCountry "ESP"]
[Source "lmi"]
[SourceDate "2006.08.21"]

1. e4 c5 2. Nf3 Nc6 3. Bb5 g6 4. Bxc6 dxc6 5. d3 Bg7 6. h3 e5 7. Nc3 Qe7 8. O-O
Nf6 9. Be3 O-O 10. a3 Rd8 11. Qc1 b6 12. Bh6 Nh5 13. Ne2 Qf8 14. Bxg7 Qxg7 15.
g4 Qf6 16. Kg2 Ng7 17. Qh6 Ne6 18. Rad1 Ba6 19. g5 Qe7 20. b3 Re8 21. h4 Ng7
22. Nh2 Bc8 23. f4 Qd7 24. Kg1 Qe7 25. Ng3 Bh3 26. f5 Bxf1 27. Ng4 1-0

[Event "TCh-ESP 1a Division Zona Norte"]
[Site "Barcelona ESP"]
[Date "2006.08.18"]
[Round "4.7"]
[White "Alvarez Fernandez, Enrique"]
[Black "Del Rey, Diego"]
[Result "0-1"]
[WhiteElo "2267"]
[BlackElo "2422"]
[PlyCount "118"]
[EventDate "2006.08.16"]
[EventType "team"]
[EventRounds "6"]
[EventCountry "ESP"]
[Source "lmi"]
[SourceDate "2006.08.21"]

1. d4 d6 2. Nf3 Nf6 3. Bf4 g6 4. h3 Bg7 5. c4 O-O 6. Nc3 Nfd7 7. e3 c5 8. d5 b5
9. cxb5 a6 10. bxa6 Qa5 11. Qd2 Bxa6 12. Bxa6 Qxa6 13. Qe2 Nb6 14. e4 N8d7 15.
Qxa6 Rxa6 16. Kd2 f5 17. exf5 Rxf5 18. Be3 Bxc3+ 19. Kxc3 Nxd5+ 20. Kc2 e5 21.
a3 e4 22. Nd2 Nxe3+ 23. fxe3 Rf2 24. g4 d5 25. Rhf1 Rh2 26. Rh1 Rxh1 27. Rxh1
Kf7 28. Rf1+ Ke7 29. Kc3 Ra4 30. Kb3 Ra7 31. Kc3 Ke6 32. Rf4 h6 33. Rf1 Ke5 34.
Kc2 d4 35. Rf4 Nf6 36. Nc4+ Ke6 37. Nd2 d3+ 38. Kc1 Ra4 39. b3 Rxa3 40. Kb2 Ra5
41. Nxe4 Nd5 42. Rf3 Ke5 43. Nc3 Nb4 44. Rf8 Ra6 45. Re8+ Kf6 46. e4 Kf7 47.
Rc8 Nc6 48. Na4 c4 49. Rc7+ Ke8 50. bxc4 Kd8 51. Rd7+ Kxd7 52. Nc5+ Kc7 53.
Nxa6+ Kb6 54. Kc3 Kxa6 55. Kxd3 Kb6 56. Ke3 Kc5 57. Kf4 Kd4 58. h4 Ne5 59. h5
Nd3+ 0-1

[Event "TCh-ESP 1a Division Zona Norte"]
[Site "Barcelona ESP"]
[Date "2006.08.18"]
[Round "4.7"]
[White "Sanz Arilla, Luis"]
[Black "Cenal Gutierrez, Ruben"]
[Result "1/2-1/2"]
[WhiteElo "2293"]
[BlackElo "2266"]
[PlyCount "59"]
[EventDate "2006.08.16"]
[EventType "team"]
[EventRounds "6"]
[EventCountry "ESP"]
[Source "lmi"]
[SourceDate "2006.08.21"]

1. d4 f5 2. g3 g6 3. Bg2 Bg7 4. c3 c6 5. Nh3 d6 6. Qb3 Qb6 7. Nd2 Qxb3 8. axb3
Be6 9. Ng5 Bd7 10. Nc4 Na6 11. h4 Nc7 12. O-O h6 13. Nh3 Nf6 14. Nf4 Kf7 15. f3
Ncd5 16. Nd3 Nb6 17. e4 Nxc4 18. bxc4 Kg8 19. e5 Nh5 20. Kh2 dxe5 21. dxe5 Kh7
22. Nc5 Bxe5 23. f4 Bd6 24. Nxd7 Rhd8 25. Ne5 Bxe5 26. fxe5 Rd3 27. Bf3 a6 28.
Bxh5 gxh5 29. Bf4 Rad8 30. Kg2 1/2-1/2

[Event "TCh-ESP 1a Division Zona Norte"]
[Site "Barcelona ESP"]
[Date "2006.08.18"]
[Round "4.7"]
[White "Fidalgo Fernandez, Javier"]
[Black "Romon Poves, Raul"]
[Result "1-0"]
[WhiteElo "2225"]
[BlackElo "2223"]
[PlyCount "65"]
[EventDate "2006.08.16"]
[EventType "team"]
[EventRounds "6"]
[EventCountry "ESP"]
[Source "lmi"]
[SourceDate "2006.08.21"]

1. Nf3 Nf6 2. d4 g6 3. c4 Bg7 4. Nc3 d5 5. e3 O-O 6. b4 a5 7. b5 c5 8. bxc6
bxc6 9. Ba3 a4 10. Be2 Qa5 11. Qd2 Ne4 12. Nxe4 dxe4 13. Qxa5 Rxa5 14. Nd2 c5
15. Rb1 Na6 16. d5 Bc3 17. Kd1 f5 18. Kc2 Bb4 19. Bb2 a3 20. Be5 Bd7 21. Nb3
Ra4 22. f4 exf3 23. gxf3 Rc8 24. h4 h5 25. Rhg1 Kf7 26. Rg2 Nc7 27. Rbg1 Ra6
28. f4 Ba4 29. Rxg6 Rxg6 30. Bxh5 Nxd5 31. Rxg6 Kf8 32. Rh6 Nf6 33. Bxf6 1-0

[Event "TCh-ESP 1a Division Zona Norte"]
[Site "Barcelona ESP"]
[Date "2006.08.18"]
[Round "4.8"]
[White "Gonzalez Diaz, Julio"]
[Black "Santos Santos, Pablo"]
[Result "1/2-1/2"]
[WhiteElo "2236"]
[BlackElo "2325"]
[PlyCount "46"]
[EventDate "2006.08.16"]
[EventType "team"]
[EventRounds "6"]
[EventCountry "ESP"]
[Source "lmi"]
[SourceDate "2006.08.21"]

1. c4 c5 2. g3 g6 3. Bg2 Nc6 4. Nc3 Bg7 5. Nf3 e5 6. d3 Nge7 7. O-O O-O 8. a3
d6 9. Rb1 a5 10. Nd5 Nxd5 11. cxd5 Ne7 12. Nd2 b5 13. a4 Bb7 14. e4 Ba6 15.
axb5 Bxb5 16. Nc4 f5 17. f3 Nc8 18. Ra1 a4 19. Bd2 Nb6 20. Qc2 Nxc4 21. dxc4
Bd7 22. b3 axb3 23. Qxb3 Rb8 1/2-1/2

[Event "TCh-ESP 1a Division Zona Norte"]
[Site "Barcelona ESP"]
[Date "2006.08.18"]
[Round "4.8"]
[White "Gonzalez Valero, Julio"]
[Black "Del Barrio Gomez, Jesus M"]
[Result "1-0"]
[WhiteElo "2267"]
[BlackElo "2239"]
[PlyCount "85"]
[EventDate "2006.08.16"]
[EventType "team"]
[EventRounds "6"]
[EventCountry "ESP"]
[Source "lmi"]
[SourceDate "2006.08.21"]

1. d4 Nf6 2. Bg5 e6 3. e3 h6 4. Bh4 c5 5. c3 cxd4 6. exd4 d6 7. Bd3 Be7 8. Ne2
Nbd7 9. O-O b6 10. Nd2 Bb7 11. Re1 O-O 12. Qc2 Re8 13. h3 Rc8 14. Bg3 Qc7 15.
Nc1 a6 16. a4 Qb8 17. Be2 Qa8 18. Bf3 Bxf3 19. Nxf3 Qb7 20. Qe2 Bf8 21. Nd3 Nd5
22. c4 Ne7 23. Bxd6 Qc6 24. Bxe7 Bxe7 25. Nfe5 Nxe5 26. Nxe5 Qd6 27. Rad1 Qb4
28. Qh5 Rf8 29. Nd7 Rfd8 30. Ne5 Rf8 31. d5 exd5 32. cxd5 Bc5 33. Qf3 Bd6 34.
Nc6 Qxa4 35. Ne7+ Bxe7 36. Rxe7 Rcd8 37. d6 Rd7 38. b3 Qb5 39. Rd3 g6 40. Qe4
Rfd8 41. Rf3 Rf8 42. Rfxf7 Rxd6 43. Rg7+ 1-0

[Event "TCh-ESP 1a Division Zona Norte"]
[Site "Barcelona ESP"]
[Date "2006.08.18"]
[Round "4.8"]
[White "Casares Cabanas, Carlos"]
[Black "Bayon Fernandez, Rogelio"]
[Result "1-0"]
[WhiteElo "2207"]
[BlackElo "2185"]
[PlyCount "103"]
[EventDate "2006.08.16"]
[EventType "team"]
[EventRounds "6"]
[EventCountry "ESP"]
[Source "lmi"]
[SourceDate "2006.08.21"]

1. e4 c5 2. Nf3 Nc6 3. d4 cxd4 4. Nxd4 Nf6 5. Nc3 d6 6. Bc4 Qb6 7. Nb3 e6 8.
O-O Be7 9. Be3 Qc7 10. f4 O-O 11. Bd3 Nb4 12. Qf3 Bd7 13. a3 Nxd3 14. cxd3 Bc6
15. Nd4 Nd7 16. b4 a6 17. Rac1 Bf6 18. a4 b5 19. axb5 Bxd4 20. Bxd4 axb5 21.
Nxb5 Qb8 22. Rxc6 Qxb5 23. Rxd6 Ra6 24. Qg3 f6 25. Rxa6 Qxa6 26. Qe3 Rc8 27.
Bc5 Qa3 28. Rc1 e5 29. f5 h6 30. h3 Kh7 31. Kh2 Qb3 32. Qd2 Ra8 33. Qc3 Ra3 34.
Qxb3 Rxb3 35. Rc4 Rxd3 36. Ba7 Rd6 37. b5 Nb6 38. Rc6 Rxc6 39. bxc6 Nc8 40. Bc5
g5 41. fxg6+ Kxg6 42. Kg3 f5 43. Kf3 f4 44. g3 fxg3 45. Kxg3 h5 46. Kh4 Kh6 47.
c7 Kg6 48. Bb4 Nb6 49. Bc3 Kf6 50. Kxh5 Nc8 51. Bb4 Ke6 52. Kg6 1-0